000 00599cam a22002291 4500
001 ne 65000869
003 DLC
005 20260227111813.0
008 891005s1964 xx 000 0 ara
010 _ane 65000869
035 _a(OCoLC)23494552
040 _aDLC
_cMiU
_dDLC
042 _apremarc
050 0 0 _aDT107.83
_b.A395
110 1 _aUnited Arab Republic.
_bMaṣlaḥat al-Istiʻlāmāt.
245 1 0 _aʻĪd al-naṣr.
260 _c1964
300 _a72 p.
_billus., ports.
_c19 cm.
500 _a#
651 0 _aEgypt
_xHistory
_yIntervention, 1956
651 0 _aSuez Canal (Egypt)
999 _c48078
_d48078